000 00921cam a22002894a 4500
008
020 _a9780393944594 (hbk.)
049 _aMAIN
090 _aRC454
_bSEL
100 1 _aSeligman, Martin E. P.
245 1 0 _aAbnormal psychology /
_cMartin E.P. Seligman, Elaine F. Walker, David L. Rosenhan.
250 _a4th ed.
260 _aNew York :
_bNorton,
_c2001.
300 _axxi, 695+A146 p. :
_bill. ;
_c29 cm.
500 _aRev. ed. of: Abnormal psychology / David L. Rosenhan. 3rd ed. 1995.
504 _aIncludes bibliographical references.
500 _aIncludes index
650 0 _aPsychology, Pathological.
650 0 _aPsychotherapy
_vCase studies.
700 1 _aWalker, Elaine F.
700 1 _aRosenhan, David L.
907 _a.b10342898
_b09-06-14
_c09-06-14
003
005 20230120204136.0
040 _cNUST
942 _cBOOKS
_kRC454
_mSEL
999 _c117893
_d117893